00645 a2200193 4500003000400000005001700004008004100021020001800062040000900080082001500089100002000104245007000124250001400194260003000208300001400238942004200252952014000294999001700434OSt20230826140113.0230826b |||||||| |||| 00| 0 eng d a9789353942199 coclc a657bBAS/A aBasu, S K99358 aAUDITING AND ASSURANCE FOR CA IPCC AND B.COM /cSanjib Kumar Basu a3rd ed.  aChennai:bPearson,c2023. a593 pages 2ddccBKh657.45iBAS/Ak657.45mBAS/A 00102ddc40708ACCOUNTINGaMESbMEScACCOUNTINGd2023-08-26l0o657 BAS/Ap42222r2023-08-26 14:02:57v730.00w2023-08-26yBKzGL56R1 c42011d42011